[Event "46th National Chess Congress"]
[Site "Philadelphia"]
[Date "2015.11.27"]
[Round "1.2"]
[White "Gorovets, Andrey"]
[Black "Tannenbaum, Zachary"]
[Result "1-0"]
[WhiteElo "2625"]
[BlackElo "2235"]
[PlyCount "81"]
[EventDate "2015.11.??"]
[EventType "swiss"]
[EventRounds "6"]
[EventCountry "USA"]

1. c4 e5 2. Nc3 Nf6 3. Nf3 Nc6 4. e3 Bb4 5. Qc2 Bxc3 6. Qxc3 Qe7 7. Be2 O-O 8.
d4 Ne4 9. Qd3 Nxf2 10. Kxf2 e4 11. Qa3 Qxa3 12. bxa3 exf3 13. gxf3 b6 14. Bb2
Ba6 15. Rhg1 f6 16. e4 d6 17. Rac1 Na5 18. h4 c5 19. d5 Rab8 20. a4 Bc8 21. Rg3
Kf7 22. f4 Bd7 23. e5 fxe5 24. fxe5 Ke7+ 25. Ke3 g6 26. e6 Bxa4 27. h5 Be8 28.
Rh1 Rb7 29. Bg7 Rg8 30. h6 b5 31. Rf1 Kd8 32. Rgf3 Nxc4+ 33. Bxc4 bxc4 34. Bc3
g5 35. Ba5+ Kc8 36. Rf8 Rxf8 37. Rxf8 Re7 38. Bc3 Kd8 39. Bf6 g4 40. Rh8 c3 41.
Rxh7 1-0

[Event "46th National Chess Congress"]
[Site "Philadelphia"]
[Date "2015.11.27"]
[Round "1.3"]
[White "Yip, Carissa"]
[Black "Kovalev, Vladislav"]
[Result "1-0"]
[WhiteElo "2235"]
[BlackElo "2596"]
[PlyCount "83"]
[EventDate "2015.11.??"]
[EventType "swiss"]
[EventRounds "6"]
[EventCountry "USA"]

1. e4 e5 2. Nf3 Nc6 3. d4 exd4 4. Bc4 Nf6 5. e5 d5 6. Bb5 Ne4 7. Nxd4 Bd7 8.
Bxc6 bxc6 9. O-O Bc5 10. Be3 O-O 11. f3 Ng5 12. f4 Ne4 13. Nd2 Nxd2 14. Qxd2
Bb6 15. c3 Qe7 16. Rae1 c5 17. Nb3 Bb5 18. Rf3 Bc4 19. f5 Qxe5 20. Bg5 Rae8 21.
Rxe5 Rxe5 22. Be3 Rfe8 23. Kh1 Bxb3 24. axb3 d4 25. cxd4 cxd4 26. Bg1 Re2 27.
Qd3 Rxb2 28. f6 g6 29. Rf2 Rxf2 30. Bxf2 h6 31. h3 Rd8 32. Qd2 Kh7 33. Qe2 Kg8
34. Qe7 c5 35. Be1 Rf8 36. Bd2 Bd8 37. Qd6 g5 38. Qe5 Kh8 39. h4 Rg8 40. hxg5
Kh7 41. Qf5+ Kh8 42. Qd7 1-0

[Event "46th National Chess Congress"]
[Site "Philadelphia"]
[Date "2015.11.27"]
[Round "1.4"]
[White "Molner, Mackenzie"]
[Black "Miyasaha, M."]
[Result "1-0"]
[WhiteElo "2577"]
[BlackElo "2233"]
[PlyCount "111"]
[EventDate "2015.11.??"]
[EventType "swiss"]
[EventRounds "6"]
[EventCountry "USA"]

1. d4 Nf6 2. c4 g6 3. Nc3 d5 4. Nf3 Bg7 5. Bg5 Ne4 6. cxd5 Nxg5 7. Nxg5 e6 8.
Qd2 h6 9. Nh3 exd5 10. Nf4 O-O 11. e3 c6 12. Be2 Nd7 13. O-O Nf6 14. b4 Ne4 15.
Nxe4 dxe4 16. Rfd1 Qd6 17. Rab1 a6 18. Qc2 Be6 19. Qc5 Rfd8 20. a4 Ba2 21. Rb2
Bd5 22. Rc1 Bf8 23. Qc3 Ra7 24. g3 Rda8 25. Kg2 Qd7 26. Nxd5 cxd5 27. b5 axb5
28. Bxb5 Qd6 29. Rbc2 Rd8 30. Qb3 Qa3 31. Qxa3 Bxa3 32. Rc8 Rf8 33. Rxf8+ Bxf8
34. Rc7 f5 35. Bc6 Kh8 36. Rxb7 Rxb7 37. Bxb7 Bb4 38. Bxd5 Kg7 39. Kf1 Kf8 40.
Ke2 Ke7 41. Bc6 Bc3 42. g4 Bb4 43. h4 Kf6 44. h5 gxh5 45. gxf5 Kxf5 46. f3
exf3+ 47. Kxf3 Bc3 48. Bd7+ Kf6 49. Ke4 h4 50. Kd3 Ba5 51. e4 Kg5 52. e5 Kf4
53. e6 Bd8 54. a5 h3 55. a6 h2 56. Bc6 1-0

[Event "46th National Chess Congress"]
[Site "Philadelphia"]
[Date "2015.11.27"]
[Round "1.5"]
[White "Moon, Benjamin"]
[Black "Yang, Darwin"]
[Result "0-1"]
[WhiteElo "2220"]
[BlackElo "2563"]
[PlyCount "128"]
[EventDate "2015.11.??"]
[EventType "swiss"]
[EventRounds "6"]
[EventCountry "USA"]

1. d4 Nf6 2. Nf3 e6 3. g3 d5 4. c4 Be7 5. Bg2 O-O 6. O-O c6 7. Qc2 Nbd7 8. b3
b6 9. Nc3 Ba6 10. cxd5 cxd5 11. Bb2 Rc8 12. Rfc1 Ne4 13. Qd1 Ba3 14. Bxa3 Nxc3
15. Rxc3 Rxc3 16. Bxf8 Qxf8 17. Qd2 Qc8 18. Ne1 Nf6 19. f3 Ne8 20. Rb1 Nd6 21.
Rb2 Nf5 22. Nc2 Qc7 23. Bh3 Nd6 24. Ne1 h5 25. Kf2 Nb5 26. Nc2 h4 27. Kg2 hxg3
28. hxg3 Nd6 29. Ne3 Bb7 30. Kf2 a5 31. Kg2 b5 32. Rc2 Rxc2 33. Qxc2 Qxc2 34.
Nxc2 b4 35. a4 Bc6 36. Kf2 Kf8 37. Ke1 Ke7 38. Kd2 f6 39. Ne3 g5 40. Nc2 Bb7
41. Ne1 Ba6 42. Nc2 f5 43. Bg2 Ne8 44. e4 dxe4 45. fxe4 Bb7 46. Ne3 fxe4 47.
Nc4 Nd6 48. Bf1 Nxc4+ 49. Bxc4 Kd6 50. Be2 e5 51. Ke3 Bc6 52. Bh5 Ke6 53. Be2
Bd5 54. Bd1 Kf5 55. Bc2 Kg4 56. dxe5 Kxg3 57. Kd4 Be6 58. Kxe4 g4 59. Ke3 Kh2
60. Kd4 g3 61. Be4 Bxb3 62. Kc5 Bxa4 63. Kb6 b3 64. Kxa5 Be8 0-1

[Event "46th National Chess Congress"]
[Site "Philadelphia"]
[Date "2015.11.27"]
[Round "1.8"]
[White "Ippolito, Dean"]
[Black "Xu, Ryan"]
[Result "1-0"]
[WhiteElo "2492"]
[BlackElo "2205"]
[PlyCount "71"]
[EventDate "2015.11.??"]
[EventType "swiss"]
[EventRounds "6"]
[EventCountry "USA"]

1. d4 Nf6 2. c4 e6 3. Nc3 Bb4 4. Qc2 O-O 5. a3 Bxc3+ 6. Qxc3 Ne4 7. Qc2 d5 8.
e3 c6 9. Bd3 f5 10. Ne2 b6 11. O-O Ba6 12. f3 Nd6 13. b3 Nd7 14. a4 Nf6 15. a5
Qd7 16. Ba3 b5 17. cxd5 cxd5 18. Qc5 Rfd8 19. Rfc1 Nfe8 20. Qb4 Bb7 21. Nc3 a6
22. e4 fxe4 23. fxe4 dxe4 24. Nxe4 Bxe4 25. Bxe4 Rac8 26. Rxc8 Rxc8 27. Rf1 Rd8
28. Qc5 Nf6 29. Bc6 Qc7 30. Qb6 Qxb6 31. axb6 Nf5 32. Bc5 Nxd4 33. Bxd4 Rxd4
34. b7 Rd8 35. Ra1 Ng4 36. Bd7 1-0

[Event "46th National Chess Congress"]
[Site "Philadelphia"]
[Date "2015.11.27"]
[Round "2.2"]
[White "Kumar, Aaravind"]
[Black "Gorovets, Andrey"]
[Result "1/2-1/2"]
[WhiteElo "2325"]
[BlackElo "2625"]
[PlyCount "53"]
[EventDate "2015.11.??"]
[EventType "swiss"]
[EventRounds "6"]
[EventCountry "USA"]

1. d4 e6 2. c4 f5 3. Nc3 Nf6 4. e3 b6 5. Bd3 Bb7 6. f3 g6 7. Nge2 Bg7 8. O-O c5
9. a3 Nc6 10. d5 exd5 11. cxd5 Ne5 12. e4 fxe4 13. fxe4 O-O 14. Bg5 c4 15. Bc2
Qc7 16. h3 Nfg4 17. hxg4 Rxf1+ 18. Kxf1 Nxg4 19. Ke1 Rf8 20. g3 Qc5 21. Kd2 h6
22. Bf4 Rxf4 23. gxf4 Qe3+ 24. Ke1 Qf2+ 25. Kd2 Qe3+ 26. Ke1 Qf2+ 27. Kd2
1/2-1/2

[Event "46th National Chess Congress"]
[Site "Philadelphia"]
[Date "2015.11.27"]
[Round "2.4"]
[White "Yang, Darwin"]
[Black "Samuelson, Andrew"]
[Result "1/2-1/2"]
[WhiteElo "2563"]
[BlackElo "2306"]
[PlyCount "77"]
[EventDate "2015.11.??"]
[EventType "swiss"]
[EventRounds "6"]
[EventCountry "USA"]

1. d4 Nf6 2. c4 c5 3. d5 e6 4. Nc3 exd5 5. cxd5 d6 6. Nf3 g6 7. Bf4 a6 8. a4
Bg7 9. h3 O-O 10. e3 Re8 11. Bd3 Nbd7 12. O-O Nh5 13. Bxd6 Qb6 14. Bh2 Qxb2 15.
Ne4 Qxa1 16. Qxa1 Bxa1 17. Rxa1 b6 18. Nd6 Rf8 19. e4 f6 20. Bc4 g5 21. e5 Nxe5
22. Nxe5 fxe5 23. Bxe5 Bd7 24. Rb1 b5 25. axb5 axb5 26. Nxb5 Ra4 27. Nd6 Rb4
28. Ra1 Ra4 29. Rxa4 Bxa4 30. g4 Nf4 31. Ne4 h6 32. Nxc5 Nxh3+ 33. Kg2 Nf4+ 34.
Kg3 Rc8 35. d6+ Kh7 36. Bd4 Bc6 37. Be3 Rd8 38. Nd3 Rxd6 39. Nxf4 1/2-1/2

[Event "46th National Chess Congress"]
[Site "Philadelphia"]
[Date "2015.11.28"]
[Round "3.2"]
[White "Yang, Kaiqi"]
[Black "Brodsky, David"]
[Result "1-0"]
[WhiteElo "2560"]
[BlackElo "2355"]
[PlyCount "93"]
[EventDate "2015.11.??"]
[EventType "swiss"]
[EventRounds "6"]
[EventCountry "USA"]

1. e4 e6 2. d4 d5 3. Nc3 Bb4 4. Qd3 Ne7 5. a3 Bxc3+ 6. bxc3 b6 7. Qg3 Ng6 8. h4
h5 9. exd5 exd5 10. Bd3 Qd6 11. Qxd6 cxd6 12. Ne2 Ne7 13. Bg5 f6 14. Bf4 Kd7
15. Kd2 Ba6 16. f3 Bc4 17. g4 hxg4 18. fxg4 Nbc6 19. h5 Bxd3 20. cxd3 Nd8 21.
Ng3 Nf7 22. Be3 Nh6 23. Rh4 Rag8 24. Rf1 Nf7 25. Rh2 Nh6 26. Rh4 Nf7 27. Rh2
Nh6 28. Bxh6 Rxh6 29. Re2 Rhh8 30. g5 Rf8 31. g6 f5 32. Ref2 Rf6 33. Ke3 Ke6
34. Ne2 Kd7 35. Nf4 Kc6 36. Kd2 Rff8 37. Re2 Kd7 38. Ne6 Rfg8 39. Rfe1 Nc6 40.
Nf4 Rf8 41. a4 Rb8 42. Nxd5 Rxh5 43. Re7+ Nxe7 44. Rxe7+ Kc8 45. Rc7+ Kd8 46.
Rxg7 Rh8 47. Rxa7 1-0

[Event "46th National Chess Congress"]
[Site "Philadelphia"]
[Date "2015.11.28"]
[Round "3.3"]
[White "Garcia, Erick"]
[Black "Korley, Kassa"]
[Result "1/2-1/2"]
[WhiteElo "2344"]
[BlackElo "2461"]
[PlyCount "87"]
[EventDate "2015.11.??"]
[EventType "swiss"]
[EventRounds "6"]
[EventCountry "USA"]

1. d4 Nf6 2. c4 e6 3. Nc3 Bb4 4. Qc2 c5 5. dxc5 Bxc5 6. Nf3 b6 7. e3 Bb7 8. Be2
O-O 9. O-O d5 10. Rd1 Qe7 11. cxd5 exd5 12. Nb5 Ne4 13. Nbd4 Nd7 14. Bd2 Rfc8
15. Qa4 a6 16. Be1 b5 17. Qb3 Nb6 18. Rdc1 g6 19. a3 Bd6 20. Bb4 Nc5 21. Qd1
Nc4 22. b3 Nb6 23. Rc2 Ne4 24. Bxd6 Qxd6 25. Bd3 Rxc2 26. Qxc2 Rc8 27. Qb2 Nc5
28. Bf1 Nbd7 29. Rc1 Nf8 30. Rc2 Ne4 31. b4 Nd7 32. Rxc8+ Bxc8 33. Qc1 Nb6 34.
Nd2 Nxd2 35. Qxd2 Qc7 36. Bd3 Bd7 37. h3 Nc8 38. Qc2 Qxc2 39. Nxc2 Nd6 40. Kf1
Kf8 41. Ke2 Ke7 42. Nd4 Ne8 43. Kd2 Nc7 44. Kc3 1/2-1/2

[Event "46th National Chess Congress"]
[Site "Philadelphia"]
[Date "2015.11.28"]
[Round "3.4"]
[White "Gorovets, Andrey"]
[Black "Yu, Jennifer"]
[Result "1-0"]
[WhiteElo "2625"]
[BlackElo "2313"]
[PlyCount "104"]
[EventDate "2015.11.??"]
[EventType "swiss"]
[EventRounds "6"]
[EventCountry "USA"]

1. d4 d5 2. Bf4 Nf6 3. e3 c5 4. Nc3 e6 5. Nb5 Na6 6. c3 Be7 7. Nf3 O-O 8. Ne5
Ne4 9. Bd3 f6 10. Nf3 Bd7 11. a4 Bc6 12. O-O Qd7 13. Nd2 Nxd2 14. Qxd2 c4 15.
Be2 Bxb5 16. axb5 Nc7 17. b3 cxb3 18. Qb2 Nxb5 19. Qxb3 Nd6 20. Bxd6 Bxd6 21.
c4 Bc7 22. g3 Bb6 23. Rfb1 Rfb8 24. Qa2 g6 25. cxd5 exd5 26. Rb5 Kg7 27. Rxd5
Qf7 28. Bf3 Rc8 29. Qa4 Rd8 30. Rxd8 Rxd8 31. Rc1 Rd7 32. Qb5 Qe6 33. Qb4 Qe7
34. Qb1 Ba5 35. Rc8 b6 36. Qc2 Qb4 37. Bd5 Rxd5 38. Qc7+ Kh6 39. Rh8 Qb1+ 40.
Kg2 g5 41. Qe7 Qg6 42. g4 b5 43. Rf8 Bd8 44. Qe6 Qg7 45. Rf7 Rd6 46. Qe8 b4 47.
Rxg7 Kxg7 48. Qb5 a5 49. Qb8 Rd7 50. Kf3 Be7 51. Qb5 Ra7 52. Qb6 Ra8 1-0

[Event "46th National Chess Congress"]
[Site "Philadelphia"]
[Date "2015.11.28"]
[Round "4.2"]
[White "Kamsky, Gata"]
[Black "Burke, John"]
[Result "1/2-1/2"]
[WhiteElo "2775"]
[BlackElo "2455"]
[PlyCount "92"]
[EventDate "2015.11.??"]
[EventType "swiss"]
[EventRounds "6"]
[EventCountry "USA"]

1. e4 e5 2. Nf3 Nc6 3. Bb5 a6 4. Ba4 Nf6 5. O-O Be7 6. Re1 b5 7. Bb3 O-O 8. d3
d6 9. a3 Be6 10. Nbd2 h6 11. Nf1 Qd7 12. Ng3 Rad8 13. c3 Rfe8 14. d4 Bxb3 15.
Qxb3 Bf8 16. a4 d5 17. axb5 axb5 18. exd5 Qxd5 19. Qxd5 Rxd5 20. dxe5 Nxe5 21.
Nxe5 Rexe5 22. Rxe5 Rxe5 23. Bf4 Rc5 24. h3 b4 25. cxb4 Rc4 26. Be5 Nd7 27. Bc3
Bxb4 28. Ra8+ Kh7 29. Ra4 c5 30. Ra7 Bxc3 31. bxc3 Nf6 32. Rxf7 Rxc3 33. Rc7
Rc1+ 34. Kh2 Rc2 35. Nf5 Ne8 36. Rc8 Rxf2 37. Rxc5 g6 38. Nd4 Rf6 39. Re5 Ng7
40. Re7 Rd6 41. Nf3 g5 42. Rb7 Re6 43. Nd4 Rf6 44. g4 Kg6 45. Kg3 Ra6 46. Kf3
Ne6 1/2-1/2

[Event "46th National Chess Congress"]
[Site "Philadelphia"]
[Date "2015.11.28"]
[Round "4.3"]
[White "Panchanathan, Magesh"]
[Black "Paikidze, Nazi"]
[Result "1-0"]
[WhiteElo "2651"]
[BlackElo "2373"]
[PlyCount "89"]
[EventDate "2015.11.??"]
[EventType "swiss"]
[EventRounds "6"]
[EventCountry "USA"]

1. e4 c6 2. d4 d5 3. Nc3 dxe4 4. Nxe4 Bf5 5. Ng3 Bg6 6. Nf3 Nd7 7. Be2 e6 8.
O-O Bd6 9. c3 Ngf6 10. Re1 O-O 11. Nh4 Qc7 12. Nxg6 hxg6 13. Nf1 c5 14. dxc5
Bxc5 15. Qc2 Rad8 16. h3 Nd5 17. Bg5 Be7 18. Bxe7 Nxe7 19. a4 Nc6 20. Qe4 Nf6
21. Qc4 Nd5 22. Ng3 Rc8 23. a5 Qf4 24. Red1 Qe5 25. Qe4 f5 26. Qxe5 Nxe5 27.
Re1 f4 28. Ne4 f3 29. Bxf3 Nxf3+ 30. gxf3 Rxf3 31. Ng5 Rf5 32. Nxe6 Kf7 33. Kf1
Rh8 34. Nd4 Rf4 35. a6 b6 36. Ne6 Rf5 37. c4 Nb4 38. Rad1 Rxh3 39. Rd7+ Kf6 40.
Kg2 Rh4 41. Kg3 Rxc4 42. f4 Rd5 43. Nf8 Rc6 44. Nh7+ Kf5 45. Rxd5+ 1-0

[Event "46th National Chess Congress"]
[Site "Philadelphia"]
[Date "2015.11.28"]
[Round "4.4"]
[White "Garcia, Erick"]
[Black "Gorovets, Andrey"]
[Result "1/2-1/2"]
[WhiteElo "2344"]
[BlackElo "2625"]
[PlyCount "46"]
[EventDate "2015.11.??"]
[EventType "swiss"]
[EventRounds "6"]
[EventCountry "USA"]

1. d4 f5 2. g3 Nf6 3. Bg2 e6 4. Nh3 c6 5. O-O Be7 6. c4 d5 7. Nd2 O-O 8. b3 a5
9. a3 Bd7 10. e3 Bd6 11. Bb2 Be8 12. Nf4 Qe7 13. Qc2 g5 14. Nd3 Bh5 15. Rfe1
Nbd7 16. Bc3 Ne4 17. b4 axb4 18. axb4 Rxa1 19. Rxa1 Be2 20. c5 Bb8 21. Nxe4
Bxd3 22. Qxd3 fxe4 23. Qe2 Nf6 1/2-1/2

[Event "46th National Chess Congress"]
[Site "Philadelphia"]
[Date "2015.11.28"]
[Round "4.6"]
[White "Kovalev, Vladislav"]
[Black "Zhou, Hong"]
[Result "1-0"]
[WhiteElo "2596"]
[BlackElo "2322"]
[PlyCount "59"]
[EventDate "2015.11.??"]
[EventType "swiss"]
[EventRounds "6"]
[EventCountry "USA"]

1. e4 c5 2. Nf3 d6 3. d4 cxd4 4. Qxd4 Nc6 5. Bb5 Bd7 6. Qd3 g6 7. Nc3 Bg7 8.
Bg5 Qa5 9. O-O Nf6 10. Nd5 Nxd5 11. exd5 Ne5 12. Bxd7+ Nxd7 13. Rfe1 Nf6 14. c4
Qc7 15. Re2 O-O 16. Rae1 Rfe8 17. Nd4 a6 18. b3 Qd7 19. a4 Rac8 20. h3 Rc5 21.
Qf3 Qc7 22. Bxf6 Bxf6 23. Qxf6 exf6 24. Rxe8+ Kg7 25. R1e7 Qb6 26. Ne6+ Kh6 27.
Rxf7 Qb4 28. Ree7 Qe1+ 29. Kh2 Qe5+ 30. f4 1-0

[Event "46th National Chess Congress"]
[Site "Philadelphia"]
[Date "2015.11.28"]
[Round "4.7"]
[White "Tarhon, Brian"]
[Black "Molner, Mackenzie"]
[Result "0-1"]
[WhiteElo "2265"]
[BlackElo "2577"]
[PlyCount "86"]
[EventDate "2015.11.??"]
[EventType "swiss"]
[EventRounds "6"]
[EventCountry "USA"]

1. e4 c5 2. Nf3 d6 3. d4 cxd4 4. Nxd4 Nf6 5. Nc3 a6 6. Bg5 Nbd7 7. Qf3 e6 8.
O-O-O Be7 9. Be2 Qc7 10. Qg3 Nc5 11. Bxf6 Bxf6 12. Nb3 O-O 13. Nxc5 Qxc5 14.
Qxd6 Qxf2 15. Qg3 Qxg3 16. hxg3 Be5 17. g4 b5 18. Bf3 Bb7 19. Ne2 Rfc8 20. Kb1
Rc4 21. b3 Rc7 22. g5 Rac8 23. Rd2 g6 24. Rhd1 Bg7 25. Rd8+ Bf8 26. Rxc8 Bxc8
27. Nf4 Be7 28. Nh3 e5 29. Kb2 Be6 30. a3 a5 31. Rd3 b4 32. a4 Bc5 33. Be2 Bd4+
34. Kb1 Kg7 35. Kc1 Bc8 36. Rg3 Rc6 37. Bc4 f5 38. gxf6+ Rxf6 39. Ng5 h6 40.
Nh3 g5 41. Be2 g4 42. Rxg4+ Bxg4 43. Bxg4 Rd6 0-1

[Event "46th National Chess Congress U2200"]
[Site "Philadelphia"]
[Date "2015.11.28"]
[Round "4.44"]
[White "Rebano, Mario"]
[Black "Feng, Ryan"]
[Result "1-0"]
[WhiteElo "2150"]
[BlackElo "2014"]
[PlyCount "33"]
[EventDate "2015.11.??"]
[EventType "swiss"]
[EventRounds "6"]
[EventCountry "USA"]

1. Nf3 c5 2. c4 Nf6 3. Nc3 e6 4. e3 b6 5. d4 cxd4 6. exd4 Bb7 7. d5 exd5 8.
cxd5 d6 9. Bb5+ Nbd7 10. O-O Be7 11. Nd4 Nxd5 12. Nxd5 Bxd5 13. Nf5 Be4 14.
Nxd6+ Bxd6 15. Qxd6 Bf5 16. Re1+ Be6 17. Bg5 1-0

[Event "46th National Chess Congress"]
[Site "Philadelphia"]
[Date "2015.11.29"]
[Round "5.3"]
[White "Brodsky, David"]
[Black "Kamsky, Gata"]
[Result "1/2-1/2"]
[WhiteElo "2355"]
[BlackElo "2775"]
[PlyCount "138"]
[EventDate "2015.11.??"]
[EventType "swiss"]
[EventRounds "6"]
[EventCountry "USA"]

1. e4 g6 2. d4 Bg7 3. Nc3 d6 4. f4 a6 5. Nf3 b5 6. Bd3 Bb7 7. Be3 Nd7 8. e5 e6
9. Ne4 Nb6 10. O-O Ne7 11. c3 Qd7 12. Bf2 Nbd5 13. Qd2 O-O 14. Rad1 f5 15. exf6
Nxf6 16. Nxf6+ Bxf6 17. Qe2 Nd5 18. Bg3 Rae8 19. Rde1 Nb6 20. Qc2 Bd5 21. Be4
a5 22. Bxd5 Nxd5 23. Qd2 a4 24. b3 axb3 25. axb3 Qc6 26. Rc1 b4 27. cxb4 Qb6
28. Bf2 Bd8 29. g3 Qb7 30. Be1 Qb5 31. Rc4 Bf6 32. Bf2 Ra8 33. Rfc1 Ra3 34. Qd1
Ra2 35. Nd2 Qb7 36. Ne4 Bd8 37. Qf3 Qa8 38. Qd3 Rb2 39. Nc3 Nb6 40. Nd1 Nxc4
41. Nxb2 Nxb2 42. Qc2 Qa3 43. Rb1 Qxb4 44. Rxb2 Qb7 45. Qc4 Kf7 46. Rd2 d5 47.
Qc3 Be7 48. Rc2 Bd6 49. Qc6 Qxc6 50. Rxc6 Ra8 51. Rc1 Ra2 52. Rb1 Ke7 53. b4
Kd7 54. b5 Ra7 55. Be1 Ra4 56. Bc3 Rc4 57. Rb3 Kc8 58. b6 c6 59. b7+ Kb8 60.
Kf2 Ra4 61. Rb6 Rc4 62. Rb3 Bc7 63. Ke3 Ra4 64. Kd3 Ra7 65. Rb2 Ra3 66. Kc2 Ra6
67. Kd3 Ra3 68. Kc2 Ra6 69. Kd3 Ra3 1/2-1/2

[Event "46th National Chess Congress"]
[Site "Philadelphia"]
[Date "2015.11.29"]
[Round "5.5"]
[White "Gorovets, Andrey"]
[Black "Salimbagat, Rico"]
[Result "1-0"]
[WhiteElo "2625"]
[BlackElo "2341"]
[PlyCount "115"]
[EventDate "2015.11.??"]
[EventType "swiss"]
[EventRounds "6"]
[EventCountry "USA"]

1. d4 Nf6 2. c4 g6 3. Nc3 d5 4. Bg5 Ne4 5. Bh4 Nxc3 6. bxc3 Bg7 7. e3 c5 8.
cxd5 cxd4 9. cxd4 Qxd5 10. Nf3 Nc6 11. Qd2 e5 12. dxe5 Qxd2+ 13. Kxd2 Nxe5 14.
Nxe5 Bxe5 15. Bb5+ Bd7 16. Rab1 b6 17. a4 Bd6 18. Bf6 Rf8 19. Rhc1 Bxb5 20.
axb5 Bc5 21. Rc4 Kd7 22. Bd4 Bxd4 23. Rxd4+ Ke6 24. Re4+ Kf6 25. Rf4+ Ke6 26.
Re4+ Kf6 27. Rc1 Rac8 28. Rf4+ Ke6 29. Re4+ Kf6 30. Rc3 Rfd8+ 31. Rd4 Ke6 32.
Kd3 Rxc3+ 33. Kxc3 Rc8+ 34. Rc4 Kd7 35. e4 Rxc4+ 36. Kxc4 Kc7 37. Kd5 Kb7 38.
Ke5 a5 39. bxa6+ Kxa6 40. Kf6 b5 41. Kxf7 b4 42. e5 b3 43. e6 b2 44. e7 b1=Q
45. e8=Q Qb7+ 46. Kg8 Qxg2 47. Qa4+ Kb6 48. Qf4 g5 49. Qg3 Qd5+ 50. Kxh7 Qf5+
51. Kg7 g4 52. Qe3+ Kc6 53. Qe8+ Kd6 54. Qg6+ Ke5 55. Qxf5+ Kxf5 56. Kf7 Kg5
57. Ke6 Kh4 58. Kf5 1-0

[Event "46th National Chess Congress"]
[Site "Philadelphia"]
[Date "2015.11.29"]
[Round "6.4"]
[White "Burke, John"]
[Black "Gorovets, Andrey"]
[Result "0-1"]
[WhiteElo "2455"]
[BlackElo "2625"]
[PlyCount "76"]
[EventDate "2015.11.??"]
[EventType "swiss"]
[EventRounds "6"]
[EventCountry "USA"]

1. e4 e6 2. d4 d5 3. Nd2 Nc6 4. Ngf3 Nf6 5. e5 Nd7 6. Nb3 a5 7. a4 Be7 8. Bb5
Na7 9. Bd3 b6 10. O-O c5 11. c4 Bb7 12. Bf4 cxd4 13. Nfxd4 Nc5 14. Nxc5 bxc5
15. Nc2 d4 16. Qg4 Kd7 17. Qe2 Qb6 18. Na3 Nc6 19. Nb5 Nb4 20. Be4 Bxe4 21.
Qxe4 Qc6 22. Qe2 h5 23. Ra3 h4 24. Rh3 f5 25. Bd2 g5 26. Ra3 h3 27. gxh3 Rh4
28. Qf3 Qxf3 29. Rxf3 Nc6 30. Re1 Rah8 31. Nd6 Bxd6 32. exd6 f4 33. Kg2 Rb8 34.
b3 Kxd6 35. Rd3 Ne5 36. Rxe5 Kxe5 37. Bxa5 Ke4 38. Rd1 Rxb3 0-1

[Event "46th National Chess Congress"]
[Site "Philadelphia"]
[Date "2015.11.29"]
[Round "6.5"]
[White "Kamsky, Gata"]
[Black "Balakrishnan, Paraveen"]
[Result "1-0"]
[WhiteElo "2775"]
[BlackElo "2399"]
[PlyCount "81"]
[EventDate "2015.11.??"]
[EventType "swiss"]
[EventRounds "6"]
[EventCountry "USA"]

1. d4 Nf6 2. Bf4 e6 3. e3 d5 4. Nd2 c5 5. c3 Nc6 6. Ngf3 Bd6 7. Bg3 O-O 8. Bb5
Bxg3 9. hxg3 Qb6 10. Bxc6 bxc6 11. Qc2 Rb8 12. Rb1 g6 13. Ne5 Nd7 14. O-O Nxe5
15. dxe5 Ba6 16. Rfe1 Qb5 17. c4 Qb6 18. b3 Rfd8 19. Rec1 Rbc8 20. Nf3 Qc7 21.
Qc3 Rd7 22. Rb2 d4 23. Qd3 Rcd8 24. Rd2 Bc8 25. Rcd1 Qa5 26. Qe4 dxe3 27. Qxe3
Rxd2 28. Rxd2 Rxd2 29. Qxd2 Qc7 30. Qh6 Qd8 31. Ng5 Qd1+ 32. Kh2 Qh5+ 33. Qxh5
gxh5 34. Ne4 Kg7 35. Nf6 Kg6 36. f4 Kf5 37. Kh3 h6 38. Kh4 Kg6 39. Nxh5 Kf5 40.
Nf6 Kg6 41. g4 1-0

[Event "46th National Chess Congress"]
[Site "Philadelphia"]
[Date "2015.11.29"]
[Round "6.6"]
[White "Molner, Mackenzie"]
[Black "Brodsky, David"]
[Result "1-0"]
[WhiteElo "2577"]
[BlackElo "2355"]
[PlyCount "59"]
[EventDate "2015.11.??"]
[EventType "swiss"]
[EventRounds "6"]
[EventCountry "USA"]

1. c4 c6 2. Nf3 d5 3. e3 Nf6 4. Nc3 a6 5. Qc2 g6 6. d4 Bf5 7. Bd3 Bxd3 8. Qxd3
Bg7 9. O-O O-O 10. e4 dxe4 11. Nxe4 Nxe4 12. Qxe4 Nd7 13. Bg5 Re8 14. Rfe1 Qc7
15. Rad1 Bf6 16. Bf4 Qb6 17. b3 a5 18. Ne5 Bxe5 19. dxe5 Nc5 20. Be3 Qb4 21.
Bxc5 Qxc5 22. e6 f5 23. Qf4 Qb6 24. h4 Red8 25. Rd7 Qb4 26. Red1 Re8 27. h5 Qc3
28. R7d4 Rf8 29. hxg6 hxg6 30. Qh6 1-0